UM Logo

School health care nutrition in primary schools in Southeast Asia : (Record no. 21356)

MARC details
000 -LEADER
fixed length control field 00528nam a22001217a 4500
008 - FIXED-LENGTH DATA ELEMENTS--GENERAL INFORMATION
fixed length control field 240906b ||||| |||| 00| 0 eng d
100 ## - MAIN ENTRY--PERSONAL NAME
Personal name Innotech, Seameo.
Relator term author.
9 (RLIN) 60271
245 ## - TITLE STATEMENT
Title School health care nutrition in primary schools in Southeast Asia :
Remainder of title policies, programs, and good practices /
Statement of responsibility, etc. Seameo Innotech.
260 ## - PUBLICATION, DISTRIBUTION, ETC. (IMPRINT)
Place of publication, distribution, etc. Philippines;
Name of publisher, distributor, etc. Publishers Association of the Philippines, Inc.,
Date of publication, distribution, etc. July 2019.
300 ## - PHYSICAL DESCRIPTION
Extent Volume 168, pages 64-67,
Other physical details illustration.
700 ## - ADDED ENTRY--PERSONAL NAME
Personal name Innotech, Seameo.
Relator term author.
9 (RLIN) 60271
942 ## - ADDED ENTRY ELEMENTS (KOHA)
Source of classification or shelving scheme Dewey Decimal Classification
Koha item type Periodicals
Holdings
Withdrawn status Lost status Source of classification or shelving scheme Damaged status Not for loan Collection code Home library Current library Date acquired Total Checkouts Date last seen Price effective from Koha item type Public note
    Dewey Decimal Classification     Periodicals UM Digos College - LIC UM Digos College - LIC 09/06/2024   09/06/2024 09/06/2024 Periodicals Periodical Article